| 000 | 00468nam a22001577a 4500 | ||
|---|---|---|---|
| 005 | 20240610143035.0 | ||
| 008 | 240610b |||||||| |||| 00| 0 eng d | ||
| 041 | _aEnglish | ||
| 082 | _a349 LAW | ||
| 100 | _lEnglish | ||
| 245 | _aThe All England Law Reports: Reprint | ||
| 260 |
_aLondon: _bButterworth and Co. Publishers Ltd, _c1947 |
||
| 300 |
_bxxxv, 928 pages; _c25 cm. |
||
| 650 |
_aLegal practice _bLaw |
||
| 942 |
_cBK _6ALISON_BN_VRIES |
||
| 999 |
_c1942 _d1942 |
||